Анализ данных сличений по результатам измерения ускорения; Измерительная техника; № 5

מידע ביבליוגרפי
Parent link:Измерительная техника=Measurement Techniques: научно-технический журнал/ Российская Федерация, Федеральное агентство по техническому регулированию и метрологии (Ростехрегулирование) (Госстандарт России).— , 1940-1941, 1955-.— 0368-1025
№ 5.— 2003.— С. 69-71
מחבר ראשי: Моэк Х.
מחברים אחרים: Айстер К., Линк А.
שפה:רוסית
יצא לאור: 2003
סדרה:Международное сотрудничество
נושאים:
פורמט: MixedMaterials Book Chapter
KOHA link:https://koha.lib.tpu.ru/cgi-bin/koha/opac-detail.pl?biblionumber=387373

MARC

LEADER 00000naa2a2200000 4500
001 387373
005 20231101063611.0
035 |a (RuTPU)RU\TPU\prd\16933 
090 |a 387373 
100 |a 20030904a2003 k y0rusy50 ca 
101 0 |a rus 
102 |a RU 
200 1 |a Анализ данных сличений по результатам измерения ускорения  |f Х. Моэк, К. Айстер, А. Линк 
225 1 |a Международное сотрудничество 
320 |a Библиогр.: 3 назв. 
461 1 |0 (RuTPU)RU\TPU\prd\1509  |x 0368-1025  |t Измерительная техника  |l Measurement Techniques  |o научно-технический журнал  |f Российская Федерация, Федеральное агентство по техническому регулированию и метрологии (Ростехрегулирование) (Госстандарт России)  |d 1940-1941, 1955- 
463 1 |0 (RuTPU)RU\TPU\prd\16181  |t № 5  |v С. 69-71  |d 2003 
610 1 |a акселерометр 
610 1 |a физические модели 
610 1 |a сличения 
610 1 |a опорное значение 
610 1 |a априорные знания 
675 |a 681.2.083  |v 3 
700 1 |a Моэк  |b Х. 
701 1 |a Айстер  |b К. 
701 1 |a Линк  |b А. 
801 1 |a RU  |b 63413507  |c 20030904  |g PSBO 
801 2 |a RU  |b 63413507  |c 20121217  |g RCR 
942 |c BK